[Event "Piestany Slovakia op-A"]
[Site "Piestany"]
[Date "2024.07.11"]
[Round "3"]
[White "Gretarsson, Helgi Ass"]
[Black "Havelka, Josef"]
[Result "1/2-1/2"]
[WhiteElo "2485"]
[BlackElo "2361"]
[PlyCount "35"]
[EventDate "2024.07.09"]
[EventType "swiss"]
[EventRounds "9"]
[EventCountry "SVK"]
[SourceTitle "EXT 2025"]
[Source "ChessBase"]
[SourceDate "2024.10.14"]
[SourceVersion "1"]
[SourceVersionDate "2024.10.14"]
[SourceQuality "1"]

1. c4 Nf6 2. Nc3 g6 3. d4 Bg7 4. g3 0-0 5. Bg2 d6 6. Nf3 Nc6 7. 0-0 e5 8. dxe5 Nxe5 9. Nxe5 dxe5 10. Qxd8 Rxd8 11. Bg5 Rd4 12. Nd5 Nxd5 13. cxd5 e4 14. Be3 Rxd5 15. Bxe4 Rd8 16. Rfd1 Re8 17. Rd2 c6 18. Rad1 1/2-1/2

[Event "Ceske Budejovice GM-A"]
[Site "Ceske Budejovice"]
[Date "2024.07.01"]
[Round "3"]
[White "Sahidi, Samir"]
[Black "Gretarsson, Helgi Ass"]
[Result "1-0"]
[WhiteElo "2465"]
[BlackElo "2485"]
[PlyCount "55"]
[EventDate "2024.06.29"]
[EventType "tourn"]
[EventRounds "9"]
[EventCountry "CZE"]
[EventCategory "8"]
[SourceTitle "CBM 221 Extra"]
[Source "ChessBase"]
[SourceDate "2024.09.30"]
[SourceVersion "1"]
[SourceVersionDate "2024.09.30"]
[SourceQuality "1"]

1. e4 g6 2. d4 Bg7 3. Nc3 d6 4. Be3 a6 5. a4 Nf6 6. h3 0-0 7. Qd2 Nc6 8. Nge2 e5 9. d5 Ne7 10. g4 Ne8 11. Ng3 f5 12. exf5 gxf5 13. Bh6 Bxh6 14. Qxh6 Ng6 15. Nxf5 Bxf5 16. gxf5 Qh4 17. Qe3 Rxf5 18. Bd3 Rf4 19. Rg1 Nf6 20. a5 Kf7 21. Rg3 Ne7 22. 0-0-0 Nexd5 23. Nxd5 Nxd5 24. Qd2 Nb4 25. Rdg1 Kf6 26. Kb1 Qh5 27. Rg7 Rc8 28. Rxh7 1-0

[Event "ISL-ch"]
[Site "Mosfellsbaer"]
[Date "2024.04.23"]
[Round "7"]
[White "Stefansson, Hannes"]
[Black "Gretarsson, Helgi Ass"]
[Result "0-1"]
[WhiteElo "2493"]
[BlackElo "2468"]
[PlyCount "82"]
[EventDate "2024.04.16"]
[EventType "tourn"]
[EventRounds "11"]
[EventCountry "ISL"]
[EventCategory "6"]
[SourceTitle "CBM 219 Extra"]
[Source "ChessBase"]
[SourceDate "2024.05.31"]
[SourceVersion "1"]
[SourceVersionDate "2024.05.31"]
[SourceQuality "1"]

1. e4 d6 2. d4 Nf6 3. Nc3 g6 4. Be3 c6 5. Nf3 Nbd7 6. h3 Qc7 7. a4 Bg7 8. Bc4 0-0 9. Ba2 b6 10. 0-0 Bb7 11. Qd2 Rad8 12. Bh6 d5 13. Bxg7 Kxg7 14. e5 Ne4 15. Nxe4 dxe4 16. Ng5 h6 17. Nxf7 Rxf7 18. Bxf7 Kxf7 19. Qxh6 Nf8 20. f3 e3 21. Qxe3 Ne6 22. Rad1 Qd7 23. Qb3 Kg7 24. Qe3 Qd5 25. b3 b5 26. Rfe1 a5 27. Kh1 Rh8 28. Qe4 b4 29. Re3 Rd8 30. Red3 Qd7 31. Kg1 Rf8 32. Qe3 Rd8 33. Kf2 Rf8 34. R3d2 Nf4 35. c4 bxc3 36. Qxc3 Qd5 37. Re1 Ne6 38. Ke3 c5 39. Kf2 cxd4 40. Qd3 Ng5 41. Qxd4 Nxf3 0-1

[Event "ISL-ch"]
[Site "Mosfellsbaer"]
[Date "2024.04.16"]
[Round "1"]
[White "Birkisson, Bardur Orn"]
[Black "Gretarsson, Helgi Ass"]
[Result "0-1"]
[WhiteElo "2169"]
[BlackElo "2468"]
[PlyCount "86"]
[EventDate "2024.04.16"]
[EventType "tourn"]
[EventRounds "11"]
[EventCountry "ISL"]
[EventCategory "6"]
[SourceTitle "CBM 219 Extra"]
[Source "ChessBase"]
[SourceDate "2024.05.31"]
[SourceVersion "1"]
[SourceVersionDate "2024.05.31"]
[SourceQuality "1"]

1. e4 d6 2. d4 Nf6 3. Nc3 g6 4. Nf3 Bg7 5. Be2 0-0 6. 0-0 a6 7. a4 Nc6 8. d5 Nb4 9. h3 e6 10. dxe6 Bxe6 11. Nd4 Bd7 12. Bf4 Re8 13. Bf3 Nc6 14. Be3 Ne5 15. Be2 c5 16. Nf3 Nxf3+ 17. Bxf3 Bc6 18. Qd3 Re6 19. Nd5 Nd7 20. Nf4 Re8 21. Qxd6 Bxb2 22. Rab1 Bg7 23. Rfd1 Rb8 24. Bg4 Bf8 25. Qd2 Nf6 26. Qxd8 Rbxd8 27. Rxd8 Rxd8 28. e5 Nxg4 29. hxg4 Re8 30. e6 fxe6 31. Nd3 c4 32. Ne5 Bd5 33. Nd7 Bg7 34. Nb6 Re7 35. f3 c3 36. Kf2 Bc6 37. Rd1 Re8 38. Rd3 Bf6 39. Bd4 e5 40. Bxc3 e4 41. Re3 Bg5 42. Re1 Rf8 43. a5 Bh4+ 0-1

[Event "ISL-chT Kvika 2324"]
[Site "Reykjavik"]
[Date "2024.03.03"]
[Round "10.2"]
[White "Gretarsson, Helgi Ass"]
[Black "Pakleza, Zbigniew"]
[Result "1/2-1/2"]
[WhiteElo "2477"]
[BlackElo "2482"]
[PlyCount "23"]
[EventDate "2023.10.12"]
[EventType "team-tourn"]
[EventRounds "10"]
[EventCountry "ISL"]
[SourceTitle "EXT 2025"]
[Source "ChessBase"]
[SourceDate "2024.10.14"]
[SourceVersion "1"]
[SourceVersionDate "2024.10.14"]
[SourceQuality "1"]
[WhiteTeam "Taflfelag Reykjavikur"]
[BlackTeam "Vikingaklubburinn"]
[WhiteTeamCountry "ISL"]
[BlackTeamCountry "ISL"]

1. d4 d5 2. c4 c6 3. Nc3 Nf6 4. e3 a6 5. Nf3 b5 6. b3 Bg4 7. a4 bxc4 8. bxc4 e6 9. c5 Nbd7 10. a5 Be7 11. Qa4 Qc7 12. Nd2 1/2-1/2